|
|
แสดงรายละเอียดบรรณานุกรม |
|
|
Brief Record
: Get Marc (ISO 2709)
: E-mail record
: |
| LEADER 00000nama 2200000uu 4500 | |||
| 008 040531s|||| th m m a000 0 tha d | |||
| 020 9748365828 | |||
| 041 tha | |||
| 050 อ HG1978 น297 2551 | |||
| 100 นวพร เรืองสกุล. | |||
| 245 100ปี จากบุคคลัภย์สู่ไทยพาณิชย์/นวพร เรืองสกุล. | |||
| 260 2550. ธนาคารไทยพาณิชย์. กรุงเทพฯ. | |||
| 300 290หน้า. | |||
| 500 จัดพิมพ์เนื่องในโอกาสครบรอบ 100 ปี ธนาคารไทยพาณิชย์. | |||
| 600 I.ธนาคารไทยพาณิชย์. | |||
| 650 1.ธนาคารไทยพาณิชย์--ประวัติ. | |||
| 995 002 | |||
| คุณยังไม่ได้ล็อกอิน คุณสามารถมีกิจกรรมร่วมกับเว็บไซต์ได้ แต่ต้องล็อกอินก่อน :: |
|
| สถานะ | |||||||||
| 1. | หนังสือทั่วไป | อ HG1978 น297 2551 | On Shelf ขอยืม | ||||||
| 2. | หนังสือทั่วไป | อ HG1978 น297 2551 | On Shelf ขอยืม | ||||||
| 3. | หนังสือทั่วไป | อ HG1978 น297 2551 | On Shelf ขอยืม | ||||||
| 4. | หนังสือทั่วไป | อ HG1978 น297 2551 | On Shelf ขอยืม | ||||||
| [แสดง 4/4 รายการ] | |||||||||
BibComment |
| คอมเมนท์ทรัพยากรรายการนี้ |
|
|